[Event "Mittelfranken Landesliga Sued 2122"]
[Site "Mittelfranken"]
[Date "2021.10.24"]
[Round "1.8"]
[White "Manucharyan, Andriy"]
[Black "Heydari, Edwin"]
[Result "1-0"]
[WhiteElo "2052"]
[BlackElo "1800"]
[PlyCount "77"]
[EventDate "2021.10.24"]
[EventType "team-tourn"]
[EventRounds "9"]
[EventCountry "GER"]
[SourceTitle "EXT 2024"]
[Source "ChessBase"]
[SourceDate "2023.10.10"]
[SourceVersion "1"]
[SourceVersionDate "2023.10.10"]
[SourceQuality "1"]
[WhiteTeam "Bayern Muenchen III"]
[BlackTeam "Muenchen Zugzwang II"]
[WhiteTeamCountry "GER"]
[BlackTeamCountry "GER"]

1. d4 d5 2. c4 c6 3. Nf3 Nf6 4. e3 e6 5. b3 Nbd7 6. Bd3 Bd6 7. Bb2 0-0 8. 0-0 Re8 9. Ne5 dxc4 10. Nxc4 Bf8 11. Nbd2 b5 12. Ne5 Nxe5 13. dxe5 Nd7 14. Qc2 h6 15. Qxc6 Nb6 16. Bd4 Bd7 17. Qe4 g6 18. Nf3 Nd5 19. Qg4 Bg7 20. h4 h5 21. Qg3 Nb4 22. Be4 Bc6 23. Ng5 Bh6 24. Nxf7 Bxe4 25. Nxd8 Rexd8 26. f3 Bd3 27. Rfd1 Nc2 28. Rxd3 Nxa1 29. Qxg6+ Bg7 30. Bxa1 Rxd3 31. Qxd3 Rc8 32. Bb2 a6 33. Qd7 Rc2 34. Qxe6+ Kh8 35. Qe8+ Kh7 36. Qxh5+ Kg8 37. Bd4 Rxa2 38. e6 Bxd4 39. Qf7+ 1-0